| 000 | 01206nam a2200265Ia 4500 | ||
|---|---|---|---|
| 999 |
_c43861 _d43861 |
||
| 001 | 10609 | ||
| 003 | GE_BSU | ||
| 005 | 20220301120159.0 | ||
| 008 | 181216s2007||||ge |||||||||||||| ||geo|| | ||
| 020 | _a9789994002948 | ||
| 040 | _cGE_BSU | ||
| 041 | _ageo | ||
| 080 | _a37.01+373.3/5+37.025.7 პ–28 | ||
| 100 |
_aპერკინსი, დევიდ _913577 |
||
| 245 |
_aგონივრული სკოლები = Smart Schools : _bბავშვებმა რომ უკეთ იაზროვნონ და ისწავლონ / _cდევიდ პერკინსი ; [რედ. მანონ ღუდუშაური]. |
||
| 264 |
_aთბილისი : _bი. ჭავჭავაძის სახელმწ. უნ-ტის გამ-ბა, _c2007. |
||
| 300 |
_b284 გვ. ; _a28 სმ. |
||
| 504 | _aბიბლიოგრ.: გვ. 273-283. | ||
| 541 | _h14ლ. | ||
| 653 | _aგანათლება | ||
| 653 | _aპედაგოგიკა | ||
| 653 | _aსასკოლო განათლება | ||
| 700 |
_aღუდუშაური, მანონ _eრედაქტორი _92832 |
||
| 942 |
_cBK _2udc |
||